000 00328nam a22001337a 4500
008 170927b xxu||||| |||| 00| 0 eng d
020 _a9780495906438
041 _aeng
080 _a37
100 _a46
101 _aEDU
245 _aCONSTANCE STALEY FOCUS ON COMMUNITY COLLEGE SUCCESS
_cSTALEY.C
942 _2udc
_cBK
999 _c30126
_d30126